000 00571nam a2200121Ia 4500
008 171212s9999 xx 000 0 und d
020 _a9780833038036
100 _aMarquis, Jefferson P.;Darilek, Richard E.;Castillo, Jasen J.;Thurston, Cathryn Quantic;Wong, Anny
245 _cMarquis, Jefferson P.;Darilek, Richard E.;Castillo, Jasen J.;Thurston, Cathryn Quantic;Wong, Anny
_aAssessing the Value of U.S. Army International Activities
260 _bRAND Corporation
_c2006
650 _aManagement & Organizational Behavior
856 _uwww.jstor.org/stable/10.7249/mg329a
999 _c351774
_d351774